Sem família (Registo nº 2028)

Detalhes MARC
000 -Etiqueta do registo
Cabeçalho 01038nam a22003371 4500
005 - Identificador da versão
Campo de controlo 20240813121923.0
095 ## -
-- PTBN00131799
010 ## - Número internacional normalizado dos livros (ISBN)
Número (ISBN) 972568342X
021 ## - Número do Depósito Legal
Código do país PT
Número 147258/00
100 ## - Dados gerais de processamento
Dados gerais de processamento 20020930d2000 cd y0pory5003 ba
102 ## - Pais de publicação ou produção
País de publicação Portugal
101 1# - Língua de publicação
Língua do texto, banda sonora, etc. Português
Língua do documento no original Italiano
106 ## - Campo de dados codificados: material textual
Dados codificados do material textual r
105 ## - Campo de dados codificados: livros
Dados codificados dos livros a z 000ay
215 ## - Descrição física 
Indicação específica da natureza do documento e extensão da espécie 50 p.
Outras indicações físicas muito il.
Dimensões 29 cm
200 1# - Titulo e menção de responsabilidade
Título próprio Sem família
Primeira menção de responsabilidade adaptação da obra de Hector Malot
Outras menções de responsabilidade il. Claudio Cernuschi, Maria De Filippo
-- trad. Barbara Caruso
225 2# - Colecção 
Título próprio da colecção Clássicos júnior
Indicação de volume 2
205 ## - Menção da edição
Menção da edição 1ª ed.
210 ## - Publicação, Distribuição, etc. 
Lugar da edição, distribuição, etc. Lisboa
Nome do editor, distribuidor, etc. Ulisseia
Data da publicação, distribuição, etc. reimp. 2000
606 ## - Nome comum usado como assunto
Número de registo de entrada de autoridade 0000229
Palavra de ordem Literatura estrangeira infanto-juvenil
Subdivisão de assunto Romance de aventuras
675 ## - Classificação Decimal Universal (CDU)
Notação 82-311.3
Edição
Língua da edição por
702 #1 - Nome de autor-pessoa física (responsabilidade secundária)
Número de registo de entrada de autoridade 0000732
Palavra de ordem Malot
Outra parte do nome não tomada para palavra de ordem Hector
Datas 1830-1907
Código de função Antecedente bibliográfico
Número de registo de entrada de autoridade 0000733
Palavra de ordem Caruso
Outra parte do nome não tomada para palavra de ordem Barbara
Código de função Tradutor
701 #1 - Nome de autor-pessoa física (co-responsabilidade principal)
Palavra de ordem Filippo
Outra parte do nome não tomada para palavra de ordem Maria De
Código de função Ilustrador / Técnico de desenho computorizado
700 #1 - Nome de autor-pessoa física (responsabilidade principal)
Número de registo de entrada de autoridade 0000730
Palavra de ordem Cernuschi
Outra parte do nome não tomada para palavra de ordem Claudio
942 ## - Elementos de entrada adicionados (Koha)
Tipo de item no Koha Livro
Exemplares
Situação do levantamento Origin of item (home branch) (coded) Biblioteca de empréstimo Código de barras Cota Circulation type (not for loan) Tipo de documento Nota do exemplar Damaged status
  Biblioteca Escolar da Coca Maravilhas Biblioteca Escolar da Coca Maravilhas BECM8164/07 8EST MAL   Livro Sem mensagem